000
00283nam a2200121Ia 4500
005
20251222141913.0
008
251222s9999||||xx |||||||||||||| ||spa||
082
_a
370.12/C23C
100
_a
Calero Pérez, Mavilo
245
0
_a
Constructivismo:
264
_b
San Marcos
942
_c
LIB
999
_c
8457
_d
8457